| 000 | 00396nam a2200169Ia 4500 | ||
|---|---|---|---|
| 003 | OSt | ||
| 005 | 20240212114807.0 | ||
| 008 | 170619s9999 xx 000 0 und d | ||
| 020 | _a9780195685763 | ||
| 040 | _cIIMT ENGINEERING COLLEGE | ||
| 100 | _aKolstad- C.H | ||
| 245 | 0 | _aEnvironmental Economics | |
| 260 | _bOxford University | ||
| 260 | _c2011 | ||
| 546 | _aENGLISH | ||
| 942 |
_c02 _2ddc |
||
| 999 |
_c22613 _d22613 |
||